000 01153nam a2200217 i 4500
001 162739
003 ES-MaACL
005 20230906212607.0
008 050624s1889 sp |||| | spa d
245 0 0 _aMemoria relativa a los manicomios de San Baudilio de Llobregat y Ciempozuelos /
_credactada por la Comisión Inspectora nombrada por la Excma. Diputación Provincial de Madrid [Ángel Pulido, Luis Lorenzo M. Corral, Leopoldo Gálvez Holguín.
260 _aMadrid :
_b[s.n.],
_c1889 (
_fEscuela tipográfica del Hospicio)
300 _a39 p. ;
_c26 cm.
530 _aDisponible en formato digital.
650 0 4 _aHospitales psiquiátricos.
_913485
700 1 _aPulido, Ángel,
_d1852-1932
_9149324
700 1 _aCorral, Luis Lorenzo M.
_9126594
700 1 _aGálvez Holguin, Leopoldo.
_953723
852 _aES-MaACL
_jT-784-F-1
_z- Enc. hol., conservando la enc. original
_z. - Sello del Dr. Pulido, ejemp. donado al Ateneo de Madrid
_z- Enc. en un vol. facticio
856 _uhttp://bibliotecavirtual.ranm.es/ranm/i18n/consulta/registro.cmd?id=166
_zBiblioteca Virtual de la Real Academia Nacional de Medicina
999 _c162739
_d162739